Andanzas y visiones españolas
Guardat en:
| Autor principal: | |
|---|---|
| Format: | Llibre |
| Idioma: | espanyol |
| Publicat: |
Madrid
Espasa Calpe
1959
|
| Edició: | 7a. ed |
| Col·lecció: | Colección Austral, 160
|
| Matèries: | |
| Etiquetes: |
Afegir etiqueta
Sense etiquetes, Sigues el primer a etiquetar aquest registre!
|
MARC
| LEADER | 00000nam a2200000 a 4500 | ||
|---|---|---|---|
| 001 | UCT7400 | ||
| 003 | CL-VaPUC | ||
| 008 | 970117e19590000SP |||||||||||||||||spa|d | ||
| 082 | 0 | 4 | |a 864 |b UNA |2 21 |
| 100 | 0 | |a Unamuno, Miguel de |e author |9 312478 | |
| 245 | 1 | 0 | |a Andanzas y visiones españolas |
| 250 | |a 7a. ed | ||
| 300 | |a 270 p | ||
| 942 | |c BK | ||
| 945 | |d 19970117 00:00:00 |a nastorga | ||
| 260 | |a Madrid |b Espasa Calpe |c 1959 | ||
| 650 | 0 | |a Ensayos españoles |9 313128 | |
| 583 | |a last modification |c 19970117 00:00:00 |k Rodrigo Vera | ||
| 490 | 0 | |a Colección Austral, 160 | |
| 999 | |c 256025 |d 256023 | ||
| 952 | |0 0 |1 0 |4 0 |6 864_000000000000000_UNA_1959 |7 0 |8 A |9 278549 |a BIBEDU |b BIBEDU |d 2019-11-19 |i 327246K |o 864 UNA 1959 |p 327246K |r 2019-11-19 |w 2019-11-19 |y BK |k LIT | ||